00799nam a2200229Ia 4500008004100000020001400041040001800055041000800073100002300081245010300104250001200207260007100219300004500290490007600335504004200411650001400453650002200467650001900489650001800508650001400526650002900540130821s2006 xxua gr eng  a849333032 aCo-BoUCMbspa00aeng1 aGeberth, Vernon J.10aPractical homicide investigation tactics, procedures, and forensic techniquescVernon J. Geberth. a4th ed. aBoca Ratón (Florida, Estados Unidos)bCRC/Taylor & Francisc2006 alx, 999 páginasbilustraciones a color0 aCRC Series in Practical Aspects of Criminal and Forensic Investigations aIncluye referencias bibliográficas.04aAsesinato04aCiencias forenses04aCriminología04aDerecho penal04aHomicidio04aInvestigación criminal